000 00750 a2200205 4500
001 41341
005 20260407155707.0
008 260407a2017 arg spa d
003 AR-UNSa-BCEJYS
040 _aAR-UNSa-BCEJYS
_bspa
_cAR-UNSa-BCEJYS
080 _a336.22
_xImpuestos
245 1 0 _aBlanqueo y moratoria
_psuplemento legislativo
264 1 _aBuenos Aires :
_bErrepar
_c2017
300 _a77 p.
_c21 cm.
505 _a1. Ley 27260 - 2. Decreto 895/2016 - 3. RG (AFIP) 3919 - 4. RG (AFIP) 3920 - 5. Comunicación A (BCRA) 6022/2016 - 5. Decreto 894/2016
041 _aspa
942 _cBK
590 _aniveau_biblio:m niveau_hierar:0
856 4 1 _uhttps://biblioeco.unsa.edu.ar/pmb/images/libros/E00040_01.jpg
_yImagen de portada
_qimage/jpeg
999 _c3475
_d3475